| 000 | 01803nam a2200409 a 4500 | ||
|---|---|---|---|
| 001 | ebr10460671 | ||
| 003 | CaPaEBR | ||
| 006 | m u | ||
| 007 | cr cn||||||||| | ||
| 008 | 000608s1999 enkab sb 000 0 eng d | ||
| 010 | _z 00268291 | ||
| 020 | _z0192838857 | ||
| 020 | _z9780192838858 | ||
| 020 | _z9780191587337 (e-book) | ||
| 040 |
_aCaPaEBR _cCaPaEBR |
||
| 035 | _a(OCoLC)712037638 | ||
| 050 | 1 | 4 |
_aHX810 _b.M67 1999eb |
| 082 | 0 | 4 |
_a335/.02 _221 |
| 100 | 1 |
_aMore, Thomas, _cSir, Saint, _d1478-1535. |
|
| 245 | 1 | 0 |
_aUtopia _h[electronic resource] / _cThomas More. New Atlantis / Francis Bacon. The Isle of Pines / Henry Neville ; edited with an introduction and notes by Susan Bruce. |
| 246 | 1 | 4 | _aThree early modern Utopias : Utopia, New Atlantis, The isle of pines |
| 260 |
_aOxford ; _aNew York : _bOxford University Press, _c1999. |
||
| 300 |
_alxi, 250 p. : _bill., maps. |
||
| 490 | 1 | _aOxford world's classics | |
| 500 | _aCover and half-title: Three early modern Utopias. | ||
| 504 | _aIncludes bibliographic references. | ||
| 505 | 0 | _aUtopia / Thomas More - New Atlantis / Francis Bacon - The Isle of Pines / Henry Neville. | |
| 533 |
_aElectronic reproduction. _bPalo Alto, Calif. : _cebrary, _d2013. _nAvailable via World Wide Web. _nAccess may be limited to ebrary affiliated libraries. |
||
| 650 | 0 |
_aUtopias _vEarly works to 1800. |
|
| 655 | 7 |
_aElectronic books. _2local |
|
| 700 | 1 |
_aBruce, Susan, _d1960- |
|
| 700 | 1 |
_aNeville, Henry, _d1620-1694. _tIsle of Pines. |
|
| 700 | 1 |
_aBacon, Francis, _d1561-1626. _tNew Atlantis. |
|
| 710 | 2 | _aebrary, Inc. | |
| 830 | 0 | _aOxford world's classics (Oxford University Press) | |
| 856 | 4 | 0 |
_uhttp://site.ebrary.com/lib/rucke/Doc?id=10460671 _zAn electronic book accessible through the World Wide Web; click to view |
| 999 |
_c228445 _d228445 |
||